00471nam a2200169Ia 4500003000400000005001700004008004100021020001800062040002900080050002700109100001700136245004800153260003000201300002700231650002800258700001500286OSt20230424134909.0230104s9999||||xx |||||||||||||| ||und|| a9780750656276 cChuka University Library aBSL TX 911.3bT68 2002 aA. Lockwood  0aTourism and hospitality in the 21st century aButterworthbOxfordc2002 a324 P.bIncludes Index aTourism and hospitality a S. Medlik